00354nam a2200133Ia 4500003000400000005001700004008004100021020001800062040002800080100001800108245004800126260003800174300000800212OSt20231220063743.0170524s9999 xx 000 0 und d a9788126124336 cIIMT UNIVERSITY, MEERUT aKundra shipra 0aFUNDAMENTALS OF MASS MEDIA OF COMMUNICATION bNew Delhi: AnmolaNEW DELHIc2005 a328